000 00669nam a2200181 i 4500
001 61519
003 ES-MaACL
005 20230906164456.0
007 t|
008 031112s1958 sp ||||1| spa d
111 2 _aExposición Ibero-Americana de Numismática y Medallística (
_n1ª.
_d1958.
_cBarcelona)
_9694
245 1 0 _aAportación a la I Exposición Ibero-Americana de Numismática y Medallística.
260 _a[S.l. :
_bs.n.,
_c1958] (
_eFigueras :
_fTrayter)
300 _a60 p., 7 lám. ;
_c17 cm.
500 _aPrecede al tít.: Biblioteca Palacio Peralada.
710 2 _aBiblioteca Palacio Peralada (Gerona)
_92201
852 _aES-MaACL
_j2003-F-7
_bR.43813
999 _c61519
_d61519